Fortalecimiento de competencias profesionales asociadas a cultivos de verano en el marco de la empresa DuPont Pioneer en el noroeste de Buenos Aires /

Guardado en:
Autor Principal: Grub Salvano, Julia Guadalupe.
Autor Corporativo: Universidad Nacional del Sur. Departamento de Agronomía.
Otros Autores: Pellegrini, Cecilia N., (tutor.)
Formato: Libro
Idioma:Undetermined
Publicado: Bahía Blanca, 2014.
Etiquetas: Agregar Etiqueta
Sin Etiquetas, Sea el primero en etiquetar este registro!
LEADER 00793nam a22001575a 4500
001 EEA.libagro010165
005 20160923093700.0
008 140403s2014####ag############000#0#und#d
100 1 |a Grub Salvano, Julia Guadalupe. 
245 1 0 |a Fortalecimiento de competencias profesionales asociadas a cultivos de verano en el marco de la empresa DuPont Pioneer en el noroeste de Buenos Aires /  |c Julia Guadalupe Grub Salvano. 
260 |a Bahía Blanca,  |c 2014. 
300 |a 38 h. :  |b il., fot. col. ;  |c 30 cm. 
500 |a Trabajo de intensificación (Ingeniero Agrónomo) -- Universidad Nacional del Sur. Departamento de Agronomía, 2014. 
700 1 |a Pellegrini, Cecilia N.,  |e tutor. 
710 2 |a Universidad Nacional del Sur.  |b Departamento de Agronomía. 
859 |a AR-BbBCA  |b BIB. AGRONOMIA  |h 630.63  |i G885  |p 2014/6456